Colný sadzobník 1995. Trieda 2. : Rastlinné výrobky.

Uložené v:
Podrobná bibliografia
Médium: Kniha
Jazyk:Slovak
Vydané: Bratislava : Štatistické a evidenčné vydavateľstvo tlačív, a.s., 1995
Vydanie:1. vyd.
Témy:
ISBN: 8088707129 (brož.)
Fyzický popis: 80 s.
Tagy: Pridať tag
Žiadne tagy, Buďte prvý kto otaguje tento záznam!

MARC

LEADER 00000nam a2200000 a 4500
001 000053708
003 SVKK
005 19990628000000.0
008 950530s1995 xo e sloo
020 |a 8088707129 (brož.) 
040 |a SVKKK  |b slo  |c SVKKK  |e AACR2 
041 0 |a slo 
044 |a xo  |c SK 
080 |a 339.543(094)  |2 1997 
080 |a 339.543.4(083.8)  |2 1997 
245 0 0 |a Colný sadzobník 1995. Trieda 2. :  |b Rastlinné výrobky. 
250 |a 1. vyd. 
260 |a Bratislava :  |b Štatistické a evidenčné vydavateľstvo tlačív, a.s.,  |c 1995 
300 |a 80 s. 
653 0 |a clá  |2 SVKKKPH 
653 0 |a tarify colné  |2 SVKKKPH 
653 0 |a zoznamy  |2 SVKKKPH 
655 7 |a príručky  |2 SVKKKPH 
910 |a svkkk 
919 |a 80-88707-12-9 
974 |a MI  |d 19950725 
974 |a PA  |d 19950620 
974 |a MI  |d 19990628 
998 |a BK 
090 |g SCKHL  |k Sklad Pribinova 2. posch.  |a III.167902  |j 883716  |i 2720472439  |s Absenčne